[Event "World Senior chT-65 2019"]
[Site "Rhodes"]
[Date "2019.04.18"]
[Round "3.13"]
[White "Birnboim, Nathan"]
[Black "Herzog, Adolf"]
[Result "1-0"]
[WhiteElo "2365"]
[BlackElo "2337"]
[PlyCount "81"]
[EventDate "2019.04.16"]
[EventType "team-tourn"]
[EventCountry "GRE"]
[TimeControl "40/5400+30:1800+30"]

1. d4 {[%emt 0:00:00]} d5 {[%emt 0:00:00]} 2. c4 {[%emt 0:00:00]} c6 {[%emt 0:00:02]} 3. Nf3 {[%emt 0:00:00]} Nf6 {[%emt 0:00:10]} 4. Nc3 {[%emt 0:02:16]} dxc4 {[%emt 0:00:09]} 5. a4 {[%emt 0:00:07]} Bf5 {[%emt 0:02:11]} 6. e3 {[%emt 0:04:27]} Na6 {[%emt 0:05:15]} 7. Bxc4 {[%emt 0:00:49]} Nb4 {[%emt 0:00:59]} 8. O-O {[%emt 0:00:50]} e6 {[%emt 0:00:07]} 9. a5 {[%emt 0:14:49]} Be7 {[%emt 0:05:29]} 10. Bd2 {[%emt 0:18:53]} O-O {[%emt 0:02:22]} 11. Ne2 {[%emt 0:15:40]} Bc2 {[%emt 0:15:09]} 12. Qc1 {[%emt 0:00:36]} Be4 {[%emt 0:01:41]} 13. Ne5 {[%emt 0:00:25]} Bd5 {[%emt 0:02:22]} 14. a6 {[%emt 0:08:02]} Qb6 {[%emt 0:06:49]} 15. Nc3 {[%emt 0:15:05]} Rfc8 {[%emt 0:13:19]} 16. Na4 {[%emt 0:00:00]} Qc7 {[%emt 0:00:18]} 17. Bxb4 {[%emt 0:00:00]} Bxb4 {[%emt 0:00:06]} 18. Bxd5 {[%emt 0:00:00]} cxd5 {[%emt 0:03:19]} 19. Qxc7 {[%emt 0:00:00]} Rxc7 {[%emt 0:00:06]} 20. axb7 {[%emt 0:00:00]} Rxb7 {[%emt 0:01:11]} 21. Rfc1 {[%emt 0:00:00]} g6 {[%emt 0:02:37]} 22. Rc6 {[%emt 0:00:00]} a5 {[%emt 0:01:41]} 23. Kf1 {[%emt 0:00:00]} Kg7 {[%emt 0:02:33]} 24. Ke2 {[%emt 0:00:00]} Rab8 {[%emt 0:00:47]} 25. Rac1 {[%emt 0:00:00]} Bf8 {[%emt 0:02:21]} 26. Nd3 {[%emt 0:01:22]} Ne4 {[%emt 0:02:05]} 27. Ra6 {[%emt 0:00:55]} Bb4 {[%emt 0:02:28]} 28. Rc2 {[%emt 0:00:12]} h5 {[%emt 0:01:20]} 29. f3 {[%emt 0:00:39]} Nf6 {[%emt 0:01:11]} 30. Ne5 {[%emt 0:00:32]} Ne8 {[%emt 0:07:29]} 31. Nc6 {[%emt 0:02:38]} Rc7 {[%emt 0:00:16]} 32. e4 {[%emt 0:02:24]} dxe4 {[%emt 0:03:31]} 33. fxe4 {[%emt 0:00:02]} Bf8 {[%emt 0:04:28]} 34. Nb6 {[%emt 0:01:07]} Rbb7 {[%emt 0:00:21]} 35. Kd3 {[%emt 0:00:21]} Bb4 {[%emt 0:03:49]} 36. h3 {[%emt 0:00:42]} h4 {[%emt 0:01:09]} 37. Nc4 {[%emt 0:03:32]} Nf6 {[%emt 0:01:19]} 38. N6xa5 {[%emt 0:04:11]} Rb5 {[%emt 0:03:52]} 39. Nc6 {[%emt 0:00:32]} Be1 {[%emt 0:01:57]} 40. Nd6 {[%emt 0:00:00]} Rb3+ {[%emt 0:04:27]} 41. Ke2 {[%emt 0:00:01]} 1-0

[Event "World Senior chT-65 2019"]
[Site "Rhodes"]
[Date "2019.04.18"]
[Round "3.14"]
[White "Petschar, Kurt"]
[Black "Berkovich, Mark A"]
[Result "1/2-1/2"]
[WhiteElo "2226"]
[BlackElo "2332"]
[PlyCount "58"]
[EventDate "2019.04.16"]
[EventType "team-tourn"]
[EventCountry "GRE"]
[TimeControl "40/5400+30:1800+30"]

1. d4 {[%emt 0:00:13]} Nf6 {[%emt 0:00:11]} 2. c4 {[%emt 0:00:00]} e6 {[%emt 0:00:00]} 3. Nf3 {[%emt 0:00:40]} b6 {[%emt 0:00:35]} 4. g3 {[%emt 0:00:00]} Bb7 {[%emt 0:01:16]} 5. Bg2 {[%emt 0:00:00]} Be7 {[%emt 0:00:06]} 6. O-O {[%emt 0:00:00]} O-O {[%emt 0:01:32]} 7. Nc3 {[%emt 0:02:00]} Ne4 {[%emt 0:00:00]} 8. Qc2 {[%emt 0:00:06]} Nxc3 {[%emt 0:00:06]} 9. Qxc3 {[%emt 0:00:03]} c5 {[%emt 0:00:56]} 10. Rd1 {[%emt 0:00:07]} d6 {[%emt 0:18:35]} 11. b3 {[%emt 0:15:47]} Nc6 {[%emt 0:00:00]} 12. Bb2 {[%emt 0:00:23]} Bf6 {[%emt 0:00:00]} 13. Qd2 {[%emt 0:00:15]} Qe7 {[%emt 0:03:22]} 14. d5 {[%emt 0:03:03]} exd5 {[%emt 0:00:00]} 15. Bxf6 {[%emt 0:00:43]} Qxf6 {[%emt 0:00:17]} 16. Qxd5 {[%emt 0:00:13]} Rad8 {[%emt 0:08:04]} 17. Qg5 {[%emt 0:01:00]} Qe6 {[%emt 0:14:57]} 18. Qd2 {[%emt 0:13:19]} h6 {[%emt 0:02:40]} 19. Nh4 {[%emt 0:13:02]} Rfe8 {[%emt 0:00:00]} 20. e3 {[%emt 0:05:20]} g5 {[%emt 0:03:50]} 21. Bd5 {[%emt 0:00:00]} Qf6 {[%emt 0:02:55]} 22. Nf3 {[%emt 0:03:06]} Re7 {[%emt 0:00:24]} 23. Rac1 {[%emt 0:00:00]} Na5 24. Bxb7 {[%emt 0:08:48]} Nxb7 {[%emt 0:00:20]} 25. Kg2 {[%emt 0:03:37]} Kg7 {[%emt 0:06:25]} 26. Qc2 {[%emt 0:10:23]} Na5 {[%emt 0:09:51]} 27. Rd2 {[%emt 0:00:00]} Nc6 {[%emt 0:03:33]} 28. Rcd1 {[%emt 0:00:00]} Re6 {[%emt 0:01:13]} 29. h3 {[%emt 0:03:57]} Ne7 {[%emt 0:03:34]} 1/2-1/2

[Event "World Senior chT-65 2019"]
[Site "Rhodes"]
[Date "2019.04.18"]
[Round "3.15"]
[White "Maryasin, Boris"]
[Black "Singer, Hans"]
[Result "1/2-1/2"]
[WhiteElo "2297"]
[BlackElo "2195"]
[PlyCount "50"]
[EventDate "2019.04.16"]
[EventType "team-tourn"]
[EventCountry "GRE"]
[TimeControl "40/5400+30:1800+30"]

1. e4 {[%emt 0:00:13]} e5 {[%emt 0:00:13]} 2. Nf3 {[%emt 0:00:00]} Nc6 {[%emt 0:00:00]} 3. Bc4 {[%emt 0:00:38]} Bc5 {[%emt 0:01:22]} 4. c3 {[%emt 0:00:23]} Nf6 {[%emt 0:00:29]} 5. d4 {[%emt 0:00:26]} exd4 6. e5 {[%emt 0:02:04]} d5 {[%emt 0:08:33]} 7. Bb5 {[%emt 0:00:00]} Ne4 8. cxd4 {[%emt 0:01:32]} Bb4+ {[%emt 0:00:08]} 9. Bd2 {[%emt 0:00:00]} Nxd2 10. Nbxd2 {[%emt 0:02:33]} O-O {[%emt 0:02:30]} 11. O-O {[%emt 0:00:00]} Ne7 12. Nb3 {[%emt 0:04:10]} Nf5 {[%emt 0:00:13]} 13. Bd3 {[%emt 0:04:48]} g6 {[%emt 0:03:04]} 14. Rc1 {[%emt 0:01:13]} Be7 {[%emt 0:02:41]} 15. Nc5 {[%emt 0:00:00]} Ng7 16. Qb3 {[%emt 0:00:00]} b6 17. Na6 {[%emt 0:01:42]} Ne6 {[%emt 0:02:01]} 18. Nb4 {[%emt 0:00:33]} Bxb4 {[%emt 0:00:33]} 19. Qxb4 {[%emt 0:05:33]} c5 {[%emt 0:01:00]} 20. Qd2 {[%emt 0:00:00]} Qe7 21. Rfe1 {[%emt 0:06:00]} Bb7 {[%emt 0:00:40]} 22. h4 {[%emt 0:00:00]} Rac8 23. h5 {[%emt 0:01:39]} Kg7 24. g3 {[%emt 0:07:07]} f5 {[%emt 0:51:03]} 25. Bf1 {[%emt 0:09:09]} g5 {[%emt 0:04:00]} 1/2-1/2

[Event "World Senior chT-65 2019"]
[Site "Rhodes"]
[Date "2019.04.18"]
[Round "3.16"]
[White "Ager, Josef"]
[Black "Lederman, Leon"]
[Result "1-0"]
[WhiteElo "2122"]
[BlackElo "2281"]
[PlyCount "147"]
[EventDate "2019.04.16"]
[EventType "team-tourn"]
[EventCountry "GRE"]
[TimeControl "40/5400+30:1800+30"]

1. Nf3 {[%emt 0:00:00]} d5 {[%emt 0:00:00]} 2. g3 {[%emt 0:00:00]} Nf6 {[%emt 0:00:02]} 3. Bg2 {[%emt 0:00:00]} c6 {[%emt 0:00:04]} 4. c4 {[%emt 0:00:00]} Bf5 {[%emt 0:00:13]} 5. b3 {[%emt 0:00:11]} e6 {[%emt 0:00:05]} 6. O-O {[%emt 0:00:10]} h6 {[%emt 0:00:04]} 7. d3 {[%emt 0:00:06]} Be7 {[%emt 0:00:04]} 8. Bb2 {[%emt 0:00:07]} O-O {[%emt 0:00:05]} 9. Nbd2 {[%emt 0:00:11]} a5 {[%emt 0:00:05]} 10. a3 {[%emt 0:00:28]} Nbd7 {[%emt 0:00:07]} 11. Re1 {[%emt 0:00:17]} Nc5 {[%emt 0:01:37]} 12. Bc3 {[%emt 0:03:10]} Bh7 {[%emt 0:02:56]} 13. b4 {[%emt 0:02:25]} axb4 {[%emt 0:03:01]} 14. axb4 {[%emt 0:00:10]} Na6 {[%emt 0:00:01]} 15. Qb3 {[%emt 0:00:51]} dxc4 {[%emt 0:05:43]} 16. dxc4 {[%emt 0:01:33]} Ne4 {[%emt 0:03:23]} 17. Nxe4 {[%emt 0:00:52]} Bxe4 {[%emt 0:00:05]} 18. Red1 {[%emt 0:05:11]} Qc8 {[%emt 0:13:20]} 19. Qb2 {[%emt 0:00:46]} f6 {[%emt 0:00:08]} 20. c5 {[%emt 0:02:49]} Nc7 {[%emt 0:08:54]} 21. Rxa8 {[%emt 0:04:20]} Qxa8 {[%emt 0:03:24]} 22. Bh3 {[%emt 0:02:42]} Rd8 {[%emt 0:02:04]} 23. Ra1 {[%emt 0:00:47]} Qc8 {[%emt 0:01:12]} 24. Nd4 {[%emt 0:00:39]} Bf8 {[%emt 0:06:37]} 25. f3 {[%emt 0:04:55]} Bg6 {[%emt 0:07:48]} 26. e4 {[%emt 0:03:52]} Bf7 {[%emt 0:00:07]} 27. Qe2 {[%emt 0:07:27]} Qb8 {[%emt 0:08:38]} 28. Bf1 {[%emt 0:01:58]} e5 {[%emt 0:01:09]} 29. Nf5 {[%emt 0:05:03]} g6 {[%emt 0:06:18]} 30. Ne3 {[%emt 0:01:02]} b6 {[%emt 0:00:09]} 31. Ng4 {[%emt 0:06:16]} Bg7 {[%emt 0:01:43]} 32. Bd2 {[%emt 0:03:33]} Kh7 {[%emt 0:00:40]} 33. Be3 {[%emt 0:01:00]} bxc5 {[%emt 0:00:06]} 34. Bxc5 {[%emt 0:00:11]} Nb5 {[%emt 0:00:25]} 35. Be7 {[%emt 0:01:19]} Nd4 {[%emt 0:00:23]} 36. Qf2 {[%emt 0:05:31]} Rd6 {[%emt 0:00:55]} 37. Bxd6 {[%emt 0:01:25]} Qxd6 {[%emt 0:00:04]} 38. Ra7 {[%emt 0:04:00]} Qe6 {[%emt 0:03:14]} 39. Kg2 {[%emt 0:04:05]} h5 {[%emt 0:02:05]} 40. Ne3 {[%emt 0:01:25]} Qb3 {[%emt 0:00:07]} 41. Qd2 {[%emt 0:03:46]} Be6 {[%emt 0:01:33]} 42. Bd3 {[%emt 0:09:29]} Kh8 {[%emt 0:03:24]} 43. Ra8+ {[%emt 0:03:34]} Kh7 {[%emt 0:00:05]} 44. Nd1 {[%emt 0:04:48]} Bg8 {[%emt 0:02:56]} 45. Ra1 {[%emt 0:01:59]} Bf8 {[%emt 0:12:03]} 46. Rb1 {[%emt 0:01:09]} Qa3 {[%emt 0:03:00]} 47. Qc3 {[%emt 0:04:34]} Qa2+ {[%emt 0:02:28]} 48. Qb2 {[%emt 0:00:32]} Qa7 {[%emt 0:01:12]} 49. Nc3 {[%emt 0:02:47]} h4 {[%emt 0:03:03]} 50. gxh4 {[%emt 0:04:34]} Ne6 {[%emt 0:02:59]} 51. Ne2 {[%emt 0:00:09]} Qe3 {[%emt 0:00:35]} 52. Ba6 {[%emt 0:04:02]} Nc7 {[%emt 0:08:25]} 53. Ra1 {[%emt 0:01:59]} Nxa6 {[%emt 0:03:07]} 54. Rxa6 {[%emt 0:00:17]} Bc4 {[%emt 0:00:05]} 55. Rxc6 {[%emt 0:01:56]} Bxe2 {[%emt 0:07:03]} 56. Rxf6 {[%emt 0:01:06]} Be7 {[%emt 0:00:07]} 57. Rf7+ {[%emt 0:01:07]} Kh6 {[%emt 0:00:05]} 58. Qxe5 {[%emt 0:00:47]} Bxf3+ {[%emt 0:02:40]} 59. Rxf3 {[%emt 0:00:09]} Qe2+ {[%emt 0:00:06]} 60. Kg3 {[%emt 0:00:51]} Qe1+ {[%emt 0:00:50]} 61. Kg2 {[%emt 0:02:13]} Qe2+ {[%emt 0:00:11]} 62. Rf2 {[%emt 0:00:12]} Qg4+ {[%emt 0:00:06]} 63. Qg3 {[%emt 0:00:59]} Qxe4+ {[%emt 0:00:06]} 64. Rf3 {[%emt 0:00:34]} Qc2+ {[%emt 0:04:50]} 65. Kh3 {[%emt 0:00:24]} Qc8+ {[%emt 0:01:35]} 66. Qg4 {[%emt 0:00:14]} Qxg4+ {[%emt 0:00:03]} 67. Kxg4 {[%emt 0:00:12]} Bxb4 {[%emt 0:00:02]} 68. Rf6 {[%emt 0:00:13]} Kg7 {[%emt 0:00:09]} 69. Rb6 {[%emt 0:00:14]} Bc5 {[%emt 0:00:42]} 70. Rc6 {[%emt 0:00:13]} Bd4 {[%emt 0:00:05]} 71. Re6 {[%emt 0:00:46]} Bc3 {[%emt 0:00:17]} 72. Rc6 {[%emt 0:00:27]} Bd4 {[%emt 0:00:20]} 73. h5 {[%emt 0:00:08]} gxh5+ {[%emt 0:00:06]} 74. Kxh5 {[%emt 0:00:06]} 1-0

[Event "World Senior chT-65 2019"]
[Site "Rhodes"]
[Date "2019.04.18"]
[Round "3.17"]
[White "Page, Mark E"]
[Black "Jones, Iolo C"]
[Result "1/2-1/2"]
[WhiteElo "2107"]
[BlackElo "2187"]
[PlyCount "72"]
[EventDate "2019.04.16"]
[EventType "team-tourn"]
[EventCountry "GRE"]
[TimeControl "40/5400+30:1800+30"]

1. e4 {[%emt 0:00:00]} e5 {[%emt 0:00:00]} 2. Nf3 {[%emt 0:00:00]} Nf6 {[%emt 0:00:07]} 3. Nxe5 {[%emt 0:00:07]} d6 {[%emt 0:00:11]} 4. Nf3 {[%emt 0:00:06]} Nxe4 {[%emt 0:00:16]} 5. Bd3 {[%emt 0:01:03]} Nc5 {[%emt 0:01:49]} 6. Be2 {[%emt 0:00:17]} d5 {[%emt 0:02:18]} 7. d4 {[%emt 0:02:09]} Ne4 {[%emt 0:02:24]} 8. O-O {[%emt 0:00:49]} Be7 {[%emt 0:01:55]} 9. c4 {[%emt 0:05:12]} dxc4 {[%emt 0:06:48]} 10. Bxc4 {[%emt 0:00:39]} O-O {[%emt 0:03:02]} 11. Re1 {[%emt 0:04:40]} Nd6 {[%emt 0:03:06]} 12. Bb3 {[%emt 0:08:20]} Bf6 {[%emt 0:05:18]} 13. h3 {[%emt 0:12:20]} Nf5 {[%emt 0:05:48]} 14. d5 {[%emt 0:01:38]} Re8 {[%emt 0:06:07]} 15. Nc3 {[%emt 0:02:41]} Nd6 {[%emt 0:03:21]} 16. Bf4 {[%emt 0:03:17]} Rxe1+ {[%emt 0:07:13]} 17. Qxe1 {[%emt 0:00:17]} Nd7 {[%emt 0:02:27]} 18. Rc1 {[%emt 0:10:52]} Nc5 {[%emt 0:08:43]} 19. Bc2 {[%emt 0:01:17]} Bd7 {[%emt 0:03:37]} 20. b4 {[%emt 0:15:12]} Na6 {[%emt 0:01:16]} 21. Ne4 {[%emt 0:00:58]} Be7 {[%emt 0:03:59]} 22. Bd3 {[%emt 0:06:13]} g6 {[%emt 0:10:36]} 23. Bxa6 {[%emt 0:04:40]} bxa6 {[%emt 0:00:27]} 24. Nc5 {[%emt 0:00:28]} a5 {[%emt 0:02:54]} 25. bxa5 {[%emt 0:05:35]} Bf6 {[%emt 0:05:32]} 26. Ne5 {[%emt 0:05:27]} Be8 {[%emt 0:01:16]} 27. Na6 {[%emt 0:01:52]} g5 {[%emt 0:04:16]} 28. Bh2 {[%emt 0:01:31]} Rc8 {[%emt 0:01:02]} 29. Ng4 {[%emt 0:01:42]} Bb2 {[%emt 0:02:28]} 30. Rc2 {[%emt 0:00:43]} Bg7 {[%emt 0:01:01]} 31. Nb4 {[%emt 0:01:49]} Nb5 {[%emt 0:02:21]} 32. Nc6 {[%emt 0:01:34]} Bxc6 {[%emt 0:00:25]} 33. dxc6 {[%emt 0:00:01]} Nd4 {[%emt 0:00:43]} 34. Rc1 {[%emt 0:01:12]} Qe8 {[%emt 0:00:41]} 35. Qxe8+ {[%emt 0:01:06]} Rxe8 {[%emt 0:00:09]} 36. Kf1 {[%emt 0:00:03]} Re6 {[%emt 0:00:36]} 1/2-1/2

[Event "World Senior chT-65 2019"]
[Site "Rhodes"]
[Date "2019.04.18"]
[Round "3.18"]
[White "Thornton, John D"]
[Black "James, Geoffrey H"]
[Result "1/2-1/2"]
[WhiteElo "2061"]
[BlackElo "2144"]
[PlyCount "35"]
[EventDate "2019.04.16"]
[EventType "team-tourn"]
[EventCountry "GRE"]
[TimeControl "40/5400+30:1800+30"]

1. e4 {[%emt 0:00:04]} e5 {[%emt 0:00:08]} 2. Nf3 {[%emt 0:00:17]} Nc6 {[%emt 0:00:00]} 3. Bb5 {[%emt 0:00:06]} g6 {[%emt 0:00:38]} 4. O-O {[%emt 0:00:28]} Bg7 {[%emt 0:00:23]} 5. c3 {[%emt 0:01:00]} d6 {[%emt 0:01:30]} 6. d4 {[%emt 0:02:50]} Bd7 {[%emt 0:00:15]} 7. Be3 {[%emt 0:05:54]} Qe7 {[%emt 0:06:04]} 8. d5 {[%emt 0:06:02]} Nd8 {[%emt 0:05:19]} 9. Bxd7+ {[%emt 0:09:00]} Qxd7 {[%emt 0:00:10]} 10. c4 {[%emt 0:00:11]} Nf6 {[%emt 0:01:56]} 11. Nc3 {[%emt 0:00:34]} Ng4 {[%emt 0:05:12]} 12. Bd2 {[%emt 0:07:33]} f5 {[%emt 0:01:31]} 13. Ne1 {[%emt 0:04:49]} O-O {[%emt 0:02:55]} 14. f3 {[%emt 0:01:40]} Nf6 {[%emt 0:00:56]} 15. Bg5 {[%emt 0:02:03]} Nf7 {[%emt 0:02:59]} 16. Bxf6 {[%emt 0:00:34]} Bxf6 {[%emt 0:00:08]} 17. Nd3 {[%emt 0:02:01]} f4 {[%emt 0:05:38]} 18. b4 {[%emt 0:09:02]} 1/2-1/2

[Event "World Senior chT-65 2019"]
[Site "Rhodes"]
[Date "2019.04.18"]
[Round "3.19"]
[White "Stokes, Michael"]
[Black "Bevan, Peter M"]
[Result "1-0"]
[WhiteElo "2092"]
[BlackElo "1920"]
[PlyCount "43"]
[EventDate "2019.04.16"]
[EventType "team-tourn"]
[EventCountry "GRE"]
[TimeControl "40/5400+30:1800+30"]

1. e4 {[%emt 0:00:00]} d5 {[%emt 0:00:00]} 2. exd5 {[%emt 0:00:00]} Qxd5 {[%emt 0:00:00]} 3. Nc3 {[%emt 0:00:00]} Qd8 {[%emt 0:00:00]} 4. d4 {[%emt 0:00:00]} Nf6 {[%emt 0:00:06]} 5. Nf3 {[%emt 0:00:27]} Bf5 {[%emt 0:01:22]} 6. Bf4 {[%emt 0:01:57]} c6 {[%emt 0:01:15]} 7. Bd3 {[%emt 0:01:15]} Bxd3 {[%emt 0:00:32]} 8. Qxd3 {[%emt 0:00:07]} e6 {[%emt 0:00:10]} 9. O-O {[%emt 0:01:02]} Be7 {[%emt 0:00:42]} 10. Rad1 {[%emt 0:01:05]} O-O {[%emt 0:01:21]} 11. Rfe1 {[%emt 0:01:32]} Nbd7 {[%emt 0:03:34]} 12. a3 {[%emt 0:12:43]} Nd5 {[%emt 0:14:18]} 13. Be3 {[%emt 0:03:36]} Qc7 {[%emt 0:06:45]} 14. Ne4 {[%emt 0:12:23]} Nxe3 {[%emt 0:00:48]} 15. Rxe3 {[%emt 0:01:53]} Nf6 {[%emt 0:01:07]} 16. Ne5 {[%emt 0:06:16]} Rad8 {[%emt 0:04:19]} 17. Rh3 {[%emt 0:10:16]} g6 {[%emt 0:01:10]} 18. Ng5 {[%emt 0:02:18]} c5 {[%emt 0:01:20]} 19. c3 {[%emt 0:01:55]} Qd6 {[%emt 0:08:42]} 20. f4 {[%emt 0:05:06]} Kg7 {[%emt 0:06:40]} 21. Ngxf7 {[%emt 0:03:01]} Rxf7 {[%emt 0:02:02]} 22. Rxh7+ {[%emt 0:00:27]} 1-0

[Event "World Senior chT-65 2019"]
[Site "Rhodes"]
[Date "2019.04.18"]
[Round "3.20"]
[White "Harle, Bill"]
[Black "Hewson, Brian W R"]
[Result "1/2-1/2"]
[WhiteElo "1734"]
[BlackElo "2004"]
[PlyCount "57"]
[EventDate "2019.04.16"]
[EventType "team-tourn"]
[EventCountry "GRE"]
[TimeControl "40/5400+30:1800+30"]

1. d4 {[%emt 0:00:00]} Nf6 {[%emt 0:00:00]} 2. Nf3 {[%emt 0:00:00]} e6 {[%emt 0:01:49]} 3. g3 {[%emt 0:01:27]} d5 {[%emt 0:02:08]} 4. Bg2 {[%emt 0:00:30]} b5 {[%emt 0:00:31]} 5. O-O {[%emt 0:01:31]} Bb7 {[%emt 0:01:22]} 6. a3 {[%emt 0:02:12]} Nbd7 {[%emt 0:01:00]} 7. Nbd2 {[%emt 0:03:49]} c5 {[%emt 0:06:09]} 8. e3 {[%emt 0:00:34]} a5 {[%emt 0:07:11]} 9. Re1 {[%emt 0:08:03]} Be7 {[%emt 0:05:28]} 10. c3 {[%emt 0:04:10]} O-O {[%emt 0:01:42]} 11. dxc5 {[%emt 0:07:13]} Nxc5 {[%emt 0:02:53]} 12. Nb3 {[%emt 0:00:32]} Qb6 {[%emt 0:02:26]} 13. Nxc5 {[%emt 0:02:47]} Bxc5 {[%emt 0:01:17]} 14. Bd2 {[%emt 0:01:42]} Be7 {[%emt 0:06:09]} 15. Qe2 {[%emt 0:04:59]} Ne4 {[%emt 0:12:11]} 16. Ne5 {[%emt 0:10:59]} Nxd2 {[%emt 0:05:52]} 17. Qxd2 {[%emt 0:00:31]} Rfd8 {[%emt 0:00:13]} 18. Nd3 {[%emt 0:05:50]} Bf6 {[%emt 0:02:05]} 19. Rac1 {[%emt 0:02:24]} Rac8 {[%emt 0:01:42]} 20. b4 {[%emt 0:02:07]} axb4 {[%emt 0:03:20]} 21. cxb4 {[%emt 0:00:20]} Ra8 {[%emt 0:00:57]} 22. Qa2 {[%emt 0:02:30]} Ra7 {[%emt 0:01:10]} 23. Rb1 {[%emt 0:01:24]} Rda8 {[%emt 0:03:40]} 24. Rb3 {[%emt 0:00:19]} Bc6 {[%emt 0:04:37]} 25. Nc5 {[%emt 0:01:39]} Rd8 {[%emt 0:04:05]} 26. Rd3 {[%emt 0:03:03]} g6 {[%emt 0:04:28]} 27. Red1 {[%emt 0:01:54]} Rc8 {[%emt 0:03:01]} 28. Bh3 {[%emt 0:02:23]} Be8 {[%emt 0:03:06]} 29. Bg2 {[%emt 0:06:13]} 1/2-1/2

[Event "World Senior chT-65 2019"]
[Site "Rhodes"]
[Date "2019.04.18"]
[Round "3.21"]
[White "Karason, Askell O"]
[Black "Harestad, Thor Geir"]
[Result "1-0"]
[WhiteElo "2252"]
[BlackElo "2200"]
[PlyCount "181"]
[EventDate "2019.04.16"]
[EventType "team-tourn"]
[EventCountry "GRE"]
[TimeControl "40/5400+30:1800+30"]

1. Nf3 {[%emt 0:00:00]} Nf6 {[%emt 0:00:00]} 2. c4 {[%emt 0:00:00]} c5 {[%emt 0:00:20]} 3. Nc3 {[%emt 0:00:00]} g6 {[%emt 0:00:16]} 4. g3 {[%emt 0:00:04]} Bg7 {[%emt 0:00:12]} 5. Bg2 {[%emt 0:00:05]} O-O {[%emt 0:00:06]} 6. O-O {[%emt 0:00:04]} Nc6 {[%emt 0:00:33]} 7. d4 {[%emt 0:00:16]} cxd4 {[%emt 0:00:13]} 8. Nxd4 {[%emt 0:00:05]} Qa5 {[%emt 0:04:07]} 9. Nb3 {[%emt 0:08:12]} Qh5 {[%emt 0:03:43]} 10. c5 {[%emt 0:17:07] A39: Symmetrical English vs ...g6: 4 Bg2 Bg7 5 Nf3 Nf6 6 0-0 0-0 7 d4} a5 {[%emt 0:13:06]} 11. a4 {[%emt 0:04:45]} (11. Na4 d6 12. Nb6 Ra6 13. Nxc8 Rxc8 14. cxd6 exd6 15. a4 Rb6 16. h3 Qe5 17. Be3 Ra6 {0-1 (50) Nyzhnyk,I (2638)-So,W (2762) chess.com INT 2019}) 11... Rb8 $146 {[%emt 0:09:52]} ({Predecessor:} 11... d5 12. cxd6 Rd8 13. Nb5 exd6 14. Nc7 Rb8 15. e4 Bg4 16. f3 Bh3 17. g4 Qh4 {0-1 (53) Erigaisi,A (2481)-Safarli,E (2653) Sharjah 2018}) 12. e4 {[%emt 0:20:37]} Qxd1 {[%emt 0:06:23]} 13. Rxd1 {[%emt 0:00:02]} b6 {[%emt 0:00:23]} 14. Bf4 {[%emt 0:08:08]} e5 {[%emt 0:02:10]} 15. Be3 {[%emt 0:06:33]} bxc5 {[%emt 0:00:47]} 16. Nxc5 {[%emt 0:00:10]} Rxb2 {[%emt 0:00:33]} 17. Nb5 {[%emt 0:00:12]} Ng4 {[%emt 0:08:01]} 18. Rd2 {[%emt 0:05:07]} Rxd2 {[%emt 0:07:18]} 19. Bxd2 {[%emt 0:00:26]} Rd8 {[%emt 0:01:17]} 20. Nb3 {[%emt 0:01:15]} Bf8 {[%emt 0:04:12]} 21. h3 {[%emt 0:00:48]} Nf6 {[%emt 0:00:18]} 22. Nxa5 {[%emt 0:00:07]} Ba6 {[%emt 0:04:25]} 23. Nc7 {[%emt 0:07:54]} Bd3 {[%emt 0:03:21]} 24. Nd5 {[%emt 0:00:20]} Nxd5 {[%emt 0:01:47]} 25. exd5 {[%emt 0:00:12]} Nd4 {[%emt 0:01:41]} 26. Nb7 {[%emt 0:05:15]} Rb8 {[%emt 0:03:14]} 27. d6 {[%emt 0:00:03]} e4 {[%emt 0:02:23]} 28. Nc5 {[%emt 0:00:39]} Bxd6 {[%emt 0:05:58]} 29. Nxe4 {[%emt 0:04:42]} Nb3 {[%emt 0:04:42]} 30. Ra2 {[%emt 0:02:51]} Bxe4 {[%emt 0:05:24]} 31. Bxe4 {[%emt 0:00:27]} Nxd2 {[%emt 0:00:34]} 32. Rxd2 {[%emt 0:00:06]} Rb4 {[%emt 0:00:40]} 33. Bc2 {[%emt 0:02:15]} Bc5 {[%emt 0:03:15]} 34. Rxd7 {[%emt 0:00:34]} Rb2 {[%emt 0:00:11]} 35. Rd2 {[%emt 0:00:08]} Ra2 {[%emt 0:00:39]} 36. Kg2 {[%emt 0:00:52]} Kg7 {[%emt 0:00:22]} 37. Kf3 {[%emt 0:00:28]} f5 {[%emt 0:00:40]} 38. Ke2 {[%emt 0:01:33]} Ra3 {[%emt 0:01:27]} 39. Rd5 {[%emt 0:02:35]} Bb4 {[%emt 0:00:59]} 40. Rb5 {[%emt 0:00:00]} Bd6 {[%emt 0:00:00]} 41. Bb3 {[%emt 0:03:24]} h5 {[%emt 0:04:53]} 42. Kd3 {[%emt 0:02:01]} Ra1 {[%emt 0:00:15]} 43. Kc4 {[%emt 0:01:00]} h4 {[%emt 0:01:28]} 44. gxh4 {[%emt 0:00:05]} Rf1 {[%emt 0:00:44]} 45. a5 {[%emt 0:00:56]} Bh2 {[%emt 0:01:24]} 46. h5 {[%emt 0:19:40]} Rxf2 {[%emt 0:06:38]} 47. a6 {[%emt 0:02:42]} Rf4+ {[%emt 0:00:44]} 48. Kd5 {[%emt 0:02:03]} Bg1 {[%emt 0:02:12]} 49. Rb7+ {[%emt 0:01:13]} Kh6 {[%emt 0:00:15]} 50. hxg6 {[%emt 0:00:24]} Kxg6 {[%emt 0:00:16]} 51. a7 {[%emt 0:01:46]} Bxa7 {[%emt 0:01:08]} 52. Rxa7 {[%emt 0:00:00]} Rf3 {[%emt 0:00:25]} 53. Bc2 {[%emt 0:00:09]} Rf2 {[%emt 0:03:03]} 54. Rc7 {[%emt 0:01:23]} Kg5 {[%emt 0:00:59]} 55. Ke5 {[%emt 0:00:21]} Re2+ {[%emt 0:04:03]} 56. Kd4 {[%emt 0:00:17]} Rd2+ {[%emt 0:01:18]} 57. Bd3 {[%emt 0:00:19]} Rh2 {[%emt 0:00:18]} 58. Rh7 {[%emt 0:00:53]} Ra2 {[%emt 0:01:11]} 59. Ke3 {[%emt 0:01:09]} Ra3 {[%emt 0:00:03]} 60. Ke2 {[%emt 0:01:35]} Kf4 {[%emt 0:00:24]} 61. Rf7 {[%emt 0:00:19]} Ra2+ {[%emt 0:00:03]} 62. Kf1 {[%emt 0:00:16]} Ra1+ {[%emt 0:00:30]} 63. Kf2 {[%emt 0:00:04]} Ra2+ {[%emt 0:00:12]} 64. Be2 {[%emt 0:00:03]} Ra3 {[%emt 0:00:10]} 65. h4 {[%emt 0:00:33]} Rh3 {[%emt 0:00:03]} 66. h5 {[%emt 0:00:04]} Rh2+ {[%emt 0:00:17]} 67. Ke1 {[%emt 0:00:06]} Ke3 {[%emt 0:00:18]} 68. Re7+ {[%emt 0:00:06]} Kf4 {[%emt 0:00:02]} 69. Kd2 {[%emt 0:00:13]} Kg3 {[%emt 0:00:09]} 70. Rg7+ {[%emt 0:00:09]} Kf4 {[%emt 0:00:04]} 71. Rg6 {[%emt 0:00:38]} Ke4 {[%emt 0:00:07]} 72. Re6+ {[%emt 0:00:05]} Kf4 {[%emt 0:00:05]} 73. h6 $2 {[%emt 0:01:23]} (73. Kd3 $18 Rh3+ 74. Kd4) 73... Kg5 {[%emt 0:00:06]} 74. Ke3 {[%emt 0:00:44]} Rxh6 {[%emt 0:00:05]} 75. Re8 {[%emt 0:00:16]} Rh4 {[%emt 0:00:23]} 76. Rg8+ {[%emt 0:00:43]} Kf6 {[%emt 0:00:02]} 77. Bf3 {[%emt 0:00:49]} Ra4 {[%emt 0:00:27]} 78. Bc6 {[%emt 0:00:22]} Ra1 {[%emt 0:00:44]} 79. Bb5 {[%emt 0:00:30]} Rh1 {[%emt 0:00:56]} 80. Rd8 {[%emt 0:01:31]} Ke5 {[%emt 0:00:38]} 81. Kf3 {[%emt 0:00:44]} Rh3+ {[%emt 0:00:29]} 82. Kf2 {[%emt 0:00:15]} Rh2+ {[%emt 0:00:23]} 83. Kg3 {[%emt 0:00:06]} Rb2 {[%emt 0:00:17]} 84. Bd3 {[%emt 0:01:34]} Rb6 {[%emt 0:01:23]} 85. Kf3 {[%emt 0:00:28]} Rd6 {[%emt 0:00:55]} 86. Re8+ {[%emt 0:00:09]} Re6 {[%emt 0:00:07]} 87. Ra8 {[%emt 0:00:23]} Rd6 {[%emt 0:00:14]} 88. Bc2 {[%emt 0:00:23]} Rd5 {[%emt 0:03:04]} 89. Rf8 {[%emt 0:00:20]} Kd6 $16 {[%emt 0:00:20]} 90. Kf4 {[%emt 0:00:13]} Ke7 {[%emt 0:00:14]} 91. Rc8 {[%emt 0:00:30]} 1-0